Photographic communication : principles, problems and challenges of photojurnalism (Record no. 357050)
[ view plain ]
| 000 -LEADER | |
|---|---|
| fixed length control field | 005030000a22001570004500 |
| 020 ## - INTERNATIONAL STANDARD BOOK NUMBER | |
| International Standard Book Number | 0803857802 |
| 082 ## - DEWEY DECIMAL CLASSIFICATION NUMBER | |
| Classification number | 070.49 SCH |
| 100 ## - MAIN ENTRY--PERSONAL NAME | |
| Personal name | Schuneman, RSmith |
| 245 ## - TITLE STATEMENT | |
| Title | Photographic communication : principles, problems and challenges of photojurnalism |
| 260 ## - PUBLICATION, DISTRIBUTION, ETC. (IMPRINT) | |
| Place of publication, distribution, etc. | London, Focal press |
| 260 ## - PUBLICATION, DISTRIBUTION, ETC. (IMPRINT) | |
| Date of publication, distribution, etc. | 1972 |
| 300 ## - PHYSICAL DESCRIPTION | |
| Extent | 379 |
| 490 ## - SERIES STATEMENT | |
| Series statement | Visual communication books |
| 650 ## - SUBJECT ADDED ENTRY--TOPICAL TERM | |
| Topical term or geographic name as entry element | Photography - journalistic - addressess, essays, lectures/ photographic communication/ photojournalism |
| 942 ## - ADDED ENTRY ELEMENTS (KOHA) | |
| Koha item type | Books (General) |
| Withdrawn status | Lost status | Damaged status | Not for loan | Home library | Current library | Date acquired | Total Checkouts | Full call number | Barcode | Date last seen | Price effective from | Koha item type |
|---|---|---|---|---|---|---|---|---|---|---|---|---|
| College of Agriculture, Vellayani | College of Agriculture, Vellayani | 02/05/2014 | 070.49 SCH | KAU_COAV-16753 | 02/05/2014 | 02/05/2014 | Books (General) |
